MARC details
| 000 -CABECERA |
| campo de control de longitud fija |
01691nam a2200385 a 4500 |
| 001 - NÚMERO DE CONTROL |
| campo de control |
000035886 |
| 003 - IDENTIFICADOR DEL NÚMERO DE CONTROL |
| campo de control |
DO-SdBNP |
| 005 - FECHA Y HORA DE LA ÚLTIMA TRANSACCIÓN |
| campo de control |
20240722104338.0 |
| 007 - CAMPO FIJO DE DESCRIPCIÓN FÍSICA--INFORMACIÓN GENERAL |
| campo de control de longitud fija |
ta |
| 008 - DATOS DE LONGITUD FIJA--INFORMACIÓN GENERAL |
| campo de control de longitud fija |
111115e2002 dr abc gre 001 1 spa d |
| 020 ## - NÚMERO INTERNACIONAL ESTÁNDAR DEL LIBRO |
| Número Internacional Estándar del Libro |
9993487406 |
| 040 ## - FUENTE DE LA CATALOGACIÓN |
| Centro catalogador/agencia de origen |
DO-SdBNP |
| Lengua de catalogación |
spa |
| Centro/agencia transcriptor |
BNPHU |
| Normas de descripción |
rda |
| 041 ## - CÓDIGO DE LENGUA |
| Código de lengua original |
spa |
| 082 #4 - NÚMERO DE LA CLASIFICACIÓN DECIMAL DEWEY |
| Número de clasificación |
972.93 |
| Número de documento/Ítem |
A881h |
| Número de edición |
22 |
| 245 00 - MENCIÓN DE TÍTULO |
| Título |
Atlas histórico de la República Dominicana / |
| Mención de responsabilidad, etc. |
Texto Quisqueya Lora H., Ignacio Aybar Acosta ; ilustración, Ruddy Núñez ; editora, Margarita Castro Catrain ; Cartografía, Eric Castro Ricart ; fotografía, José Luis Abad. |
| 264 #1 - PRODUCCIÓN, PUBLICACIÓN, DISTRIBUCIÓN, FABRICACIÓN Y COPYRIGHT |
| Producción, publicación, distribución, fabricación y copyright |
Santo Domingo : |
| Nombre del de productor, editor, distribuidor, fabricante |
Santillana, |
| Fecha de producción, publicación, distribución, fabricación o copyright |
2002. |
| 300 ## - DESCRIPCIÓN FÍSICA |
| Extensión |
127 páginas : |
| Otras características físicas |
ilustraciones, mapas, retratos ; |
| Dimensiones |
33 cm. |
| 336 ## - TIPO DE CONTENIDO |
| Término de tipo de contenido |
texto |
| Código de tipo de contenido |
txt |
| Fuente |
rdacontent |
| 337 ## - TIPO DE MEDIO |
| Nombre/término del tipo de medio |
sin mediación |
| Código del tipo de medio |
n |
| Fuente |
rdamedia |
| 338 ## - TIPO DE SOPORTE |
| Nombre/término del tipo de soporte |
volumen |
| Código del tipo de soporte |
nc |
| Fuente |
rdacarrier |
| 500 ## - NOTA GENERAL |
| Nota general |
Incluye índice temático |
| 505 ## - NOTA DE CONTENIDO CON FORMATO |
| Título |
Etapa precolombina.-- Descubrimiento y conquista.-- Siglo XVII.-- Siglo XVIII.-- Siglo XIX.-- Siglo XX y XXI.-- Evolución de la división territorial dominicana. |
| 650 ## - PUNTO DE ACCESO ADICIONAL DE MATERIA--TÉRMINO DE MATERIA |
| Término de materia o nombre geográfico como elemento de entrada |
República Dominicana |
| Subdivisión de forma |
Atlas |
| Subdivisión general |
Historia |
| 9 (RLIN) |
86097 |
| 700 1# - PUNTO DE ACCESO ADICIONAL--NOMBRE DE PERSONA |
| Nombre de persona |
Lora H., Quisqueya, |
| 9 (RLIN) |
29768 |
| Término indicativo de función/relación |
texto |
| 700 1# - PUNTO DE ACCESO ADICIONAL--NOMBRE DE PERSONA |
| Nombre de persona |
Acosta, Ignacio Aybar, |
| 9 (RLIN) |
61881 |
| Término indicativo de función/relación |
texto |
| 700 1# - PUNTO DE ACCESO ADICIONAL--NOMBRE DE PERSONA |
| Nombre de persona |
Castro Catrain, Margarita, |
| Término indicativo de función/relación |
edición |
| 9 (RLIN) |
29221 |
| 700 1# - PUNTO DE ACCESO ADICIONAL--NOMBRE DE PERSONA |
| Nombre de persona |
Castro Ricart, Eric, |
| Término indicativo de función/relación |
cartografía |
| 9 (RLIN) |
23170 |
| 700 ## - PUNTO DE ACCESO ADICIONAL--NOMBRE DE PERSONA |
| Nombre de persona |
Abad, José Luis, |
| Término indicativo de función/relación |
fotografía |
| 9 (RLIN) |
81347 |
| 700 1# - PUNTO DE ACCESO ADICIONAL--NOMBRE DE PERSONA |
| Nombre de persona |
Briones, Ricardo, |
| Término indicativo de función/relación |
fotografía |
| 9 (RLIN) |
29826 |
| 700 1# - PUNTO DE ACCESO ADICIONAL--NOMBRE DE PERSONA |
| Nombre de persona |
Diez Polanco, Carlos, |
| Término indicativo de función/relación |
fotografía |
| 9 (RLIN) |
29828 |
| 700 1# - PUNTO DE ACCESO ADICIONAL--NOMBRE DE PERSONA |
| Nombre de persona |
Diez Polanco, Carlos, |
| Término indicativo de función/relación |
fotografía |
| 9 (RLIN) |
29828 |
| 700 1# - PUNTO DE ACCESO ADICIONAL--NOMBRE DE PERSONA |
| Nombre de persona |
Incháustegui, Arístides, |
| Fechas asociadas al nombre |
1938- |
| Término indicativo de función/relación |
fotografía |
| 9 (RLIN) |
22936 |
| 910 ## - DATOS DE OPCIÓN DEL USUARIO (OCLC) |
| Datos de opción del usuario |
MFeliz. Validado.Control de Calidad/MAA |
| 942 ## - ELEMENTOS DE PUNTO DE ACCESO ADICIONAL (KOHA) |
| Fuente del sistema de clasificación o colocación |
Dewey Decimal Classification |
| Tipo de ítem Koha |
Libro |